Statistics for Most Populated Countries Not in Afro-Eurasia

Click here to take the quiz!

General Stats

  • This quiz has been taken 63 times
    (62 since last reset)
  • The average score is 14 of 16

Answer Stats

PopulationCountry% Correct
213 millionBrazil
100%
129 millionMexico
100%
331 millionUnited States
100%
38 millionCanada
98%
51 millionColombia
94%
45 millionArgentina
92%
25 millionAustralia
92%
33 millionPeru
90%
28 millionVenezuela
90%
274 millionIndonesia
86%
126 millionJapan
86%
110 millionPhilippines
86%
68 millionUnited Kingdom
86%
21 millionSri Lanka
82%
28 millionMadagascar
76%
24 millionTaiwan
72%

Score Distribution

Percentile by Number Answered

Percent of People with Each Score

Your Score History

You have not taken this quiz since the last reset